000 00392nam a22001457a 4500
005 20171028110242.0
008 150731b xxu||||| |||| 00| 0 eng d
040 _cPK-LaUMT
082 _aKHC 954.0317
_bLIN-E
100 _aLini S. May
245 _aThe ecolution Indo-Muslim thought after 1857
_cLini S. May
260 _aLahore
_bSH. Muhammad Ashraf
_c1970
300 _a488 p.
942 _cBK
999 _c73492
_d73492